Дело о комиссии для пересмотра штатов должностей артистической службы и выработки проекта нового пенсионного устава для артистов...

Доступно только в Электронных читальных залах Найти на картеНа карте
RUSMARC
00003693nmc2a22002413x 450
001b7d99271-629c-44be-a439-b483ec9ebff3
00520201002015159.0
100##$a20200305l19041916k l0rusy0189 ca
1010#$arus
102##$aRU
105##$ay###
1222#$ad
2001#$aДело о комиссии для пересмотра штатов должностей артистической службы и выработки проекта нового пенсионного устава для артистов императорских театров
$j7 октября 1904 г. - 17 января 1916 г.
215##$a435 л.
$d36,5х26 см
251##$cДело
300##$aДело
371##$aДокумент не является опубликованным и широко распространяемым
461#0$10019264ebf8-de62-4f1a-9eb4-9f22098dbbd5
$12001
$aДирекция императорских театров МИДв
$1251
$cФонд
$1852
$j497
462#0$10016d2858c7-947f-46a8-934e-c3d97596ebca
$12001
$aДирекция императорских театров (1879-1918 гг.)
$1251
$cОпись
$1852
$j6
801#0$aRU
$bРГИА
$c20200305
$gRCR
801#1$aRU
$bГлавНИВЦ
$c20200305
$2rusmarc
801#2$aRU
$bПБ им. Б.Н. Ельцина
$c20201002
$gRCR
$2rusmarc
850##$aРГИА
852##$aРГИА
$eФедеральное казенное учреждение "Российский государственный исторический архив" (РГИА)
$j4737
937##$hРГИА
$d12340360
$aASBIBLIO_SCAN
035##$aRusGRCC00001340
856##$uhttp://readingroom.main.prlib.ru/item.aspx?id_node=n147492841&mode=full
Формат отображения